North America by Five Letters Quiz Stats

 Plays Quiz Updated Dec 7, 2017

Challenge
Share
Tweet
Score 0/21 Timer 05:00
1 Play Today
% Correct
Mexico
93.6%
Canada
90.8%
Panama
86.1%
Haiti
79.5%
Bahamas
78.4%
Belize
77.3%
United States of America
75.8%
Dominican
Republic
74.5%
Guatemala
72.4%
Jamaica
71.1%
Honduras
69.9%
% Correct
El Salvador
69.2%
Nicaragua
66.8%
Costa Rica
64.3%
Trinidad & Tobago
53.1%
Grenada
36.9%
St. Vincent & the Grenadines
36.6%
Antigua & Barbuda
35%
Barbados
34.8%
St. Lucia
28.8%
St. Kitts & Nevis
28.2%

You're not logged in!

Compare scores with friends on all Sporcle quizzes.
Join for Free
OR
Log In

You Might Also Like...

Show Comments

Extras

Top Quizzes Today


Score Distribution

Your Account Isn't Verified!

In order to create a playlist on Sporcle, you need to verify the email address you used during registration. Go to your Sporcle Settings to finish the process.

Report this User

Report this user for behavior that violates our Community Guidelines.

Details: